[Event "Altenessen- Horst Emscher 2"]
[Site "?"]
[Date "2024.02.18"]
[Round "6.2"]
[White "Rohloff, Markus"]
[Black "Raabe, Stefan"]
[Result "0-1"]
[WhiteElo "1896"]
[BlackElo "1894"]
[PlyCount "56"]
[SourceDate "2024.03.03"]

1. e4 c5 2. Nf3 Nc6 3. d4 cxd4 4. Nxd4 e5 5. Nb5 d6 6. N1c3 a6 7. Na3 Nf6 8.
Bg5 Be7 9. Nc4 Nd4 10. Bxf6 Bxf6 11. Nd5 b5 12. Nxf6+ Qxf6 13. Nb6 Rb8 14. Nd5
Qh4 15. Bd3 Bg4 16. Qd2 Bf3 17. c3 Bxg2 18. cxd4 Bxh1 19. Nc7+ Kf8 20. dxe5
dxe5 21. Nd5 g6 22. O-O-O Rc8+ 23. Kb1 Bf3 24. Rg1 Kg7 25. Ne3 Bxe4 26. Rg4
Bxd3+ 27. Qxd3 Qxf2 28. Nf5+ Kf6 0-1

[Event "Altenessen- Horst Emscher 2"]
[Site "?"]
[Date "2024.02.18"]
[Round "6.3"]
[White "Schorra, Helmut"]
[Black "Kordonowski, Frank"]
[Result "1/2-1/2"]
[WhiteElo "1996"]
[BlackElo "1911"]
[PlyCount "55"]
[SourceDate "2024.03.03"]

1. e4 Nc6 2. d4 e5 3. d5 Nce7 4. c4 d6 5. Nf3 Nf6 6. Nc3 Ng6 7. h3 Be7 8. Be3
O-O 9. Qd2 Nxe4 10. Nxe4 f5 11. Nc3 f4 12. O-O-O fxe3 13. fxe3 Bd7 14. Bd3 Nh4
15. Nxh4 Bxh4 16. Ne4 Bf5 17. Rdf1 Qd7 18. Rf3 Bg6 19. Rhf1 Rxf3 20. Rxf3 Rf8
21. Rxf8+ Kxf8 22. g3 Bd8 23. Nf2 Qa4 24. Bxg6 hxg6 25. b3 Qd7 26. Qe2 Qf7 27.
g4 Kg8 28. Ne4 1/2-1/2

[Event "Altenessen- Horst Emscher 2"]
[Site "?"]
[Date "2024.02.18"]
[Round "6.4"]
[White "Cavasin, Joerg"]
[Black "Verfuerth, Christian"]
[Result "1/2-1/2"]
[WhiteElo "1870"]
[BlackElo "1851"]
[PlyCount "139"]
[SourceDate "2024.03.03"]

1. d4 e6 2. Bf4 f5 3. Nf3 Nf6 4. e3 b6 5. Be2 Bb7 6. c4 Bb4+ 7. Nc3 O-O 8. O-O
Bxc3 9. bxc3 d6 10. Qb3 c5 11. Rad1 Na6 12. h3 Ne8 13. Qb1 Qe7 14. Rd2 Be4 15.
Qd1 Rd8 16. Ng5 Bb7 17. Bf3 Bxf3 18. Nxf3 h6 19. Bg3 Qc7 20. Ne1 cxd4 21. cxd4
Qxc4 22. Rc2 Qd5 23. Nd3 e5 24. Qe2 Qa5 25. dxe5 dxe5 26. Nxe5 Nb4 27. Qc4+ Kh7
28. Rb2 Na6 29. Nc6 Qd5 30. Qxd5 Rxd5 31. Nxa7 Rf6 32. Rfb1 Ra5 33. Nb5 Nc5 34.
Nd4 f4 35. exf4 Ne4 36. Bh2 Rd6 37. Nb5 Rd5 38. a4 Rxa4 39. f3 Nd2 40. Nc3 Nxb1
41. Nxd5 Ra1 42. Kf2 Nd6 43. Nxb6 Nc3 44. Rd2 Nf5 45. g4 Rb1 46. Nc4 Ne7 47.
Ne3 Rb7 48. f5 Na4 49. Be5 Ng8 50. h4 Nc5 51. Rd5 Nd7 52. f4 Ngf6 53. Bxf6 Nxf6
54. Re5 Kg8 55. Kf3 Kf7 56. g5 hxg5 57. hxg5 Nd7 58. Re6 Nc5 59. Rc6 Nd7 60.
Nd5 Rb3+ 61. Kg4 Rb8 62. f6 gxf6 63. Nxf6 Nf8 64. f5 Rb1 65. g6+ Nxg6 66. Rc7+
Kxf6 67. Rc6+ Kf7 68. Rxg6 Rg1+ 69. Kh5 Rh1+ 70. Kg4 1/2-1/2

[Event "Altenessen- Horst Emscher 2"]
[Site "?"]
[Date "2024.02.18"]
[Round "6.5"]
[White "Renn, Thorsten"]
[Black "Avgustin, Thomas"]
[Result "1-0"]
[WhiteElo "1877"]
[BlackElo "1718"]
[PlyCount "89"]
[SourceDate "2024.03.03"]

1. e4 g6 2. d4 Bg7 3. Be3 Nf6 4. Nc3 d6 5. Qd2 Ng4 6. Bg5 h6 7. Bh4 c6 8. f3
Nf6 9. O-O-O b5 10. e5 b4 11. Qe3 bxc3 12. exf6 cxb2+ 13. Kb1 Bf8 14. fxe7 Bxe7
15. Bf6 Rh7 16. d5 Kf8 17. Bxb2 cxd5 18. Ne2 Qb6 19. Qxb6 axb6 20. Nf4 Be6 21.
Nxd5 Ra5 22. Bc4 Nd7 23. Bb3 Bxd5 24. Rxd5 Rxd5 25. Bxd5 f5 26. Re1 Bf6 27. Re6
Be5 28. Rxg6 Rg7 29. Rxg7 Kxg7 30. Be6 Nc5 31. Bxe5+ dxe5 32. Bxf5 Kf6 33. Bc8
Kg5 34. Kc1 Kf4 35. Kd2 h5 36. Ke2 h4 37. Kf2 e4 38. g3+ hxg3+ 39. hxg3+ Ke5
40. f4+ Kd4 41. f5 e3+ 42. Kf3 Ne4 43. Ba6 b5 44. Bxb5 Nc3 45. Bd3 1-0

[Event "Altenessen- Horst Emscher 2"]
[Site "?"]
[Date "2024.02.18"]
[Round "6.6"]
[White "Drawe, Thomas"]
[Black "Wilbert, Siegfried"]
[Result "1-0"]
[WhiteElo "1793"]
[BlackElo "1858"]
[PlyCount "89"]
[SourceDate "2024.03.03"]

1. c4 e5 2. g3 Nf6 3. Bg2 g6 4. d4 exd4 5. Qxd4 Nc6 6. Qd1 Bg7 7. Nc3 O-O 8. e4
d6 9. Nge2 Re8 10. O-O Be6 11. b3 Qc8 12. Rb1 a5 13. Bb2 Bh3 14. Bxh3 Qxh3 15.
Nf4 Qd7 16. Re1 Ng4 17. Ncd5 Nge5 18. Kg2 Rf8 19. h4 Rae8 20. h5 f5 21. hxg6
hxg6 22. exf5 Rxf5 23. Ne3 Rf7 24. Rh1 Ref8 25. Qe2 Ne7 26. Rbf1 Qc6+ 27. Ned5
Rxf4 28. gxf4 Rxf4 29. Kg3 Nxd5 30. cxd5 Qxd5 31. Kxf4 Nd3+ 32. Kg3 Nxb2 33.
Qe8+ Bf8 34. Rh8+ Kxh8 35. Qxf8+ Kh7 36. Qe7+ Kg8 37. Qd8+ Kg7 38. Qxc7+ Kg8
39. Qd8+ Kf7 40. Re1 Nd3 41. Qe7+ Kg8 42. Qe6+ Qxe6 43. Rxe6 Kf7 44. Rxd6 Nc5
45. Rb6 1-0

[Event "Altenessen- Horst Emscher 2"]
[Site "?"]
[Date "2024.02.18"]
[Round "6.7"]
[White "Tobcewski, Peter"]
[Black "Praßer, Peter"]
[Result "1-0"]
[WhiteElo "1859"]
[BlackElo "1693"]
[PlyCount "55"]
[SourceDate "2024.03.03"]

1. e4 e6 2. d4 d5 3. exd5 exd5 4. c4 Nf6 5. Nf3 c6 6. Nc3 Bb4 7. a3 Be7 8. cxd5
Nxd5 9. Bc4 Nxc3 10. bxc3 O-O 11. O-O b5 12. Bb3 Nd7 13. Re1 Bf6 14. Bf4 Bb7
15. Qd2 Nb6 16. Be5 Nd5 17. c4 bxc4 18. Bxc4 a5 19. Rab1 Qd7 20. Bxd5 cxd5 21.
Bxf6 gxf6 22. Qh6 Ra6 23. Nh4 Re6 24. Re3 f5 25. Rg3+ Rg6 26. Nxg6 fxg6 27.
Rgb3 Re8 28. h4 1-0

[Event "Altenessen- Horst Emscher 2"]
[Site "?"]
[Date "2024.02.18"]
[Round "6.8"]
[White "Guth, Gerd- Volker"]
[Black "Rohsiepe, Sebastian"]
[Result "1/2-1/2"]
[WhiteElo "1764"]
[BlackElo "1655"]
[PlyCount "51"]
[SourceDate "2024.03.03"]

1. d4 d5 2. e3 e6 3. a3 Nf6 4. Nf3 Nc6 5. Be2 Be7 6. Nbd2 O-O 7. O-O b6 8. b3
Bb7 9. Bb2 h6 10. h3 Rc8 11. Rc1 Nh7 12. c4 dxc4 13. Nxc4 Qd5 14. Ncd2 Bf6 15.
Qc2 Ne7 16. Rfd1 c5 17. Bc4 Qh5 18. dxc5 Rxc5 19. a4 Bxb2 20. Qxb2 Ng5 21. Bf1
Rxc1 22. Rxc1 Nxf3+ 23. Nxf3 Bxf3 24. gxf3 Qxf3 25. Bg2 Qf5 26. Qd4 1/2-1/2

[Event "Welper 2- Unna"]
[Site "?"]
[Date "2024.02.18"]
[Round "6.1"]
[White "Barskij, Aleksandr"]
[Black "Sharma, Danesh"]
[Result "1/2-1/2"]
[WhiteElo "1844"]
[BlackElo "1956"]
[PlyCount "90"]
[SourceDate "2024.03.03"]

1. e4 e5 2. Nf3 Nc6 3. Nc3 Nf6 4. d4 exd4 5. Nxd4 Bb4 6. Nxc6 bxc6 7. Bd3 O-O
8. O-O d5 9. exd5 cxd5 10. h3 h6 11. Qf3 Be6 12. Bf4 c6 13. Rfd1 Nd7 14. Ne2
Qf6 15. c3 Bc5 16. Qg3 Rfe8 17. Nd4 Bxd4 18. cxd4 Kh8 19. Ba6 c5 20. Bb7 Rab8
21. Bxb8 Rxb8 22. dxc5 Rxb7 23. c6 Rxb2 24. cxd7 Bxd7 25. Rxd5 Be6 26. Rd6 Rxf2
27. Rd8+ Kh7 28. Qxf2 Qxa1+ 29. Kh2 Qxa2 30. Qxa2 Bxa2 31. Ra8 g6 32. h4 Kg7
33. g4 Be6 34. Kg3 Bc4 35. Rxa7 Bb3 36. Kf4 Be6 37. g5 h5 38. Ke5 Bb3 39. Rb7
Ba2 40. Ra7 Bb3 41. Kd6 Bc4 42. Ke7 Bb3 43. Ra3 Bc4 44. Rc3 Ba2 45. Rc2 Bb3
1/2-1/2

[Event "Welper 2- Unna"]
[Site "?"]
[Date "2024.02.18"]
[Round "6.2"]
[White "Marx, Patrick"]
[Black "Kraemer, Sascha"]
[Result "1-0"]
[WhiteElo "1964"]
[BlackElo "1858"]
[PlyCount "127"]
[SourceDate "2024.03.03"]

1. d4 Nf6 2. Nf3 e6 3. Bg5 Be7 4. e3 b6 5. Bd3 Bb7 6. Nbd2 O-O 7. O-O c5 8. c3
d6 9. Re1 Nd5 10. Bxe7 Qxe7 11. a3 Nd7 12. Qc2 g6 13. c4 N5f6 14. b4 Rfc8 15.
Rab1 Rc7 16. Rec1 Rac8 17. Rb2 d5 18. bxc5 bxc5 19. cxd5 c4 20. d6 Qxd6 21.
Nxc4 Rxc4 22. Bxc4 Bxf3 23. gxf3 Nb6 24. Qb3 Qc6 25. Rbc2 Qxf3 26. Be2 Rxc2 27.
Qxc2 Qh3 28. Qc7 Ne4 29. Qb8+ Kg7 30. Qe5+ Nf6 31. Rc7 Nbd5 32. Rxa7 Nc3 33.
Bf1 Qg4+ 34. Qg3 Qd1 35. Kg2 Nce4 36. Qf3 Qb1 37. Qe2 Qb8 38. Ra5 Qc7 39. Ra6
Qb7 40. Qb5 Qc7 41. Rc6 Qe7 42. Qb4 Qd7 43. Rc2 e5 44. f3 Qf5 45. dxe5 Nd5 46.
Qxe4 Qxe4 47. fxe4 Nxe3+ 48. Kf3 Nxc2 49. a4 Kf8 50. a5 Nd4+ 51. Kf4 h6 52. a6
Nc6 53. Bb5 Na7 54. Ba4 Ke7 55. Ke3 Kd8 56. Kd4 Kc7 57. Kc5 Nc8 58. Be8 g5 59.
Bxf7 Ne7 60. Bd5 Nc8 61. e6 g4 62. Bc6 h5 63. a7 Nxa7 64. e7 1-0

[Event "Welper 2- Unna"]
[Site "?"]
[Date "2024.02.18"]
[Round "6.3"]
[White "Humpert, Dominik"]
[Black "Nuernberger, David"]
[Result "0-1"]
[WhiteElo "1814"]
[BlackElo "1776"]
[PlyCount "128"]
[SourceDate "2024.03.03"]

1. e4 c5 2. Nf3 d6 3. c3 Nf6 4. Bc4 Nc6 5. O-O Nxe4 6. Qb3 e6 7. d3 Nf6 8. Bf4
a6 9. Qc2 d5 10. Bb3 Bd6 11. Qd2 Qc7 12. Bg5 Ng4 13. h3 h6 14. Be3 Nh2 15. Nxh2
Bxh2+ 16. Kh1 Bd6 17. d4 c4 18. Bc2 Bd7 19. f4 f5 20. Qe2 O-O-O 21. b3 Na5 22.
Nd2 g5 23. fxg5 f4 24. Bf2 hxg5 25. bxc4 Nxc4 26. Nxc4 dxc4 27. Be4 g4 28. Rfb1
b5 29. Qxg4 e5 30. Qf3 Rdg8 31. Bc2 Bg4 32. Qxg4+ Rxg4 33. Bf5+ Kd8 34. Bxg4 e4
35. a4 b4 36. cxb4 c3 37. Be1 Qc4 38. Bxc3 Qxc3 39. Rc1 Qxd4 40. Rd1 Qe5 41.
Rxd6+ Qxd6 42. Rd1 Ke7 43. Rxd6 Kxd6 44. Be2 Rb8 45. b5 axb5 46. Bxb5 Kc5 47.
Kg1 Kd4 48. Kf2 Rc8 49. Be2 Rc5 50. h4 Kc3 51. Bb5 Kd2 52. Bf1 Rc3 53. Be2 Ra3
54. h5 Rxa4 55. Bb5 Ra7 56. g4 Rf7 57. g5 f3 58. g6 e3+ 59. Kg3 e2 60. gxf7
e1=Q+ 61. Kg4 Qe4+ 62. Kg3 Qe5+ 63. Kg4 Qf6 64. Bc4 f2 0-1

[Event "Welper 2- Unna"]
[Site "?"]
[Date "2024.02.18"]
[Round "6.4"]
[White "Teich, Udo"]
[Black "Solberg- Morgner, Kirsten"]
[Result "0-1"]
[WhiteElo "1857"]
[BlackElo "1823"]
[PlyCount "64"]
[SourceDate "2024.03.03"]

1. d4 d5 2. Nf3 Nf6 3. c4 e6 4. Nc3 Be7 5. Bf4 c6 6. c5 O-O 7. h3 Nbd7 8. e3
Re8 9. Bd3 Nf8 10. O-O N6d7 11. b4 Bf6 12. Bh2 e5 13. Be2 Ng6 14. Rc1 exd4 15.
exd4 Ndf8 16. b5 Bf5 17. bxc6 bxc6 18. Qa4 Qd7 19. Rfe1 Re6 20. Bf1 Rae8 21.
Rxe6 Rxe6 22. Re1 Nh4 23. Ne5 Bxe5 24. Rxe5 Rxe5 25. Bxe5 Ne6 26. Be2 Ng5 27.
Qd1 Bxh3 28. g3 Bg2 29. gxh4 Qh3 30. Bh2 Bf3 31. Bf1 Qg4+ 32. Bg3 Bxd1 0-1

[Event "Welper 2- Unna"]
[Site "?"]
[Date "2024.02.18"]
[Round "6.5"]
[White "Eichhorn, Robin"]
[Black "Leimkuehler, Dirk"]
[Result "0-1"]
[WhiteElo "1785"]
[BlackElo "1804"]
[PlyCount "65"]
[SourceDate "2024.03.03"]

1. e4 d5 2. exd5 Qxd5 3. Nf3 Nf6 4. Nc3 Qd6 5. d4 c6 6. h3 Bf5 7. Bd3 Bxd3 8.
Qxd3 Nbd7 9. O-O e6 10. Re1 Be7 11. Ne4 Qc7 12. c4 Rd8 13. b3 O-O 14. Bb2 c5
15. Qe3 Nxe4 16. Qxe4 Bf6 17. Rad1 Qa5 18. a3 cxd4 19. Nxd4 Nc5 20. Qg4 h5 21.
Qg3 Qb6 22. b4 Na4 23. c5 Nxc5 24. Nb3 Ne4 25. Rxd8 Nxg3 26. Rxf8+ Kxf8 27.
Bxf6 gxf6 28. Nc5 Qd6 29. fxg3 Qxg3 30. Rd1 b6 31. Nd3 e5 32. Nf2 Qxa3 33. Rd7
0-1

[Event "Welper 2- Unna"]
[Site "?"]
[Date "2024.02.18"]
[Round "6.6"]
[White "Heidt, Viktor"]
[Black "Bertschik, Jonas"]
[Result "1-0"]
[WhiteElo "1826"]
[BlackElo "1653"]
[Annotator "daniel"]
[PlyCount "119"]
[SourceDate "2024.03.03"]

1. c4 e5 2. Nc3 Nf6 3. Nf3 Nc6 4. e3 Bb4 5. Qc2 d6 6. a3 Bxc3 7. Qxc3 O-O 8. d4
exd4 9. Nxd4 Nxd4 10. Qxd4 Qe7 11. Be2 Qe4 12. O-O Qxd4 13. exd4 Bf5 14. Bg5
Rfe8 15. Rfe1 Bg4 16. Bd3 Rxe1+ 17. Rxe1 Re8 18. Be3 Bd7 19. f3 h6 20. Kf2 a6
21. g4 Kf8 22. g5 hxg5 23. Bxg5 Rxe1 24. Kxe1 Ne8 25. h4 f6 26. Bf4 Kf7 27. Kf2
g6 28. c5 d5 29. Ke3 c6 30. Bh6 Ng7 31. Bxg7 Kxg7 32. Kf4 Kh6 33. Kg3 $11 Kh5
34. Be2 Bf5 35. f4+ Kh6 36. b4 Bc2 37. Bg4 f5 38. Be2 Bb3 39. Kf2 Bc2 $11 40.
Ke3 Be4 41. Bd1 Bg2 42. Be2 Bh3 43. Kf2 Bg4 44. Bxg4 fxg4 45. Kg3 Kh5 46. a4
Kh6 47. Kxg4 Kh7 48. Kg5 Kg7 49. f5 gxf5 50. Kxf5 Kh6 51. Ke6 Kh5 52. Kd6 Kxh4
53. Kc7 Kg4 54. Kxb7 Kf4 55. Kxc6 Ke4 56. Kb6 Kxd4 57. c6 Ke4 58. c7 d4 59.
c8=Q d3 60. Qc1 1-0

[Event "Welper 2- Unna"]
[Site "?"]
[Date "2024.02.18"]
[Round "6.7"]
[White "Hartmann, Gideon"]
[Black "Sharma, Rakesh"]
[Result "0-1"]
[WhiteElo "1731"]
[BlackElo "1795"]
[PlyCount "100"]
[SourceDate "2024.03.03"]

1. e4 c6 2. d4 d5 3. exd5 cxd5 4. Nf3 Nc6 5. Be2 Nf6 6. O-O g6 7. c3 Bg7 8. Re1
O-O 9. Bf4 Ne4 10. Nbd2 f5 11. Nb3 Qb6 12. Qc1 Re8 13. Be3 Qc7 14. c4 e6 15.
cxd5 exd5 16. Nc5 Nxd4 17. Bxd4 Bxd4 18. Nxd4 Qxc5 19. Qxc5 Nxc5 20. Nb5 Rd8
21. Rad1 Ne6 22. Bf3 a6 23. Nd4 Kf7 24. Re5 Nxd4 25. Rxd4 Be6 26. Bxd5 Bxd5 27.
Rexd5 Rxd5 28. Rxd5 Ke6 29. Rd2 Rc8 30. g3 b5 31. Kf1 Ke5 32. f4+ Ke4 33. Ke2
Rc1 34. Rd1 Rxd1 35. Kxd1 Kd3 36. b3 b4 37. Kc1 Kc3 38. Kb1 Kd2 39. Kb2 h5 40.
a3 a5 41. axb4 axb4 42. h4 Kd3 43. Ka2 Kc2 44. Ka1 Kxb3 45. Kb1 Kc3 46. Kc1 b3
47. Kb1 b2 48. Ka2 Kc2 49. Ka3 b1=Q 50. g4 Qb3# 0-1

[Event "Welper 2- Unna"]
[Site "?"]
[Date "2024.02.18"]
[Round "6.8"]
[White "Berke, Martin"]
[Black "Graff, Stephane"]
[Result "1/2-1/2"]
[WhiteElo "1689"]
[BlackElo "1425"]
[PlyCount "74"]
[SourceDate "2024.03.03"]

1. e4 d5 2. exd5 Nf6 3. d4 Nxd5 4. c4 Nf6 5. Nc3 Bg4 6. Be2 Bf5 7. Nf3 e6 8.
O-O Nbd7 9. Re1 c6 10. d5 Qc7 11. dxe6 Bxe6 12. Nd4 O-O-O 13. Nxe6 fxe6 14. Qa4
Bc5 15. Be3 Bxe3 16. fxe3 Qb6 17. Bf3 Nc5 18. Qc2 Nd3 19. Na4 Qa5 20. Red1 Ne5
21. a3 Nxf3+ 22. gxf3 Qg5+ 23. Kf2 Rhf8 24. Rxd8+ Rxd8 25. Rg1 Qh5 26. Rxg7
Qxh2+ 27. Rg2 Qh4+ 28. Ke2 Nh5 29. f4 Ng3+ 30. Kf3 Nf5 31. Qe2 Qh3+ 32. Kf2 Nh4
33. Rg4 Qh2+ 34. Ke1 Qh1+ 35. Kf2 Qh2+ 36. Ke1 Qh1+ 37. Kf2 Qh2+ 1/2-1/2

[Event "Mengede- Gladbeck"]
[Site "?"]
[Date "2024.02.18"]
[Round "6.1"]
[White "Hassenrueck, Helmut"]
[Black "Delvos, Thorsten"]
[Result "1/2-1/2"]
[WhiteElo "2123"]
[BlackElo "1994"]
[PlyCount "115"]
[SourceDate "2024.03.03"]

1. d4 Nf6 2. Nf3 d5 3. c4 e6 4. Nc3 Be7 5. Bf4 O-O 6. e3 c6 7. h3 Nbd7 8. Qc2
Re8 9. a3 Nf8 10. Bd3 dxc4 11. Bxc4 Ng6 12. Bh2 Bd6 13. Ne5 Bxe5 14. dxe5 Nd5
15. O-O Qc7 16. Bd3 b6 17. Nxd5 exd5 18. e6 Qb7 19. exf7+ Kxf7 20. e4 Be6 21.
e5 Ne7 22. f4 g6 23. f5 gxf5 24. Qe2 Kg7 25. Qh5 Ng6 26. Bxf5 Bxf5 27. Rxf5 Rf8
28. Rc1 Rxf5 29. Qxf5 Rf8 30. Qe6 c5 31. Qd6 d4 32. Re1 Nh4 33. Re2 Qf7 34.
Qf6+ Qxf6 35. exf6+ Kg6 36. Re7 Rd8 37. f7 Rf8 38. Rxa7 Rxf7 39. Rxf7 Kxf7 40.
Bc7 b5 41. Bb6 d3 42. Kf2 c4 43. g3 Nf5 44. g4 Ne7 45. Ba5 Nd5 46. Bd2 Ke6 47.
h4 Nf6 48. Kf3 Kd5 49. Bb4 Ne4 50. Ke3 Nf6 51. g5 Ne4 52. Ba5 Ke5 53. Bb4 Kf5
54. Ba5 d2 55. Ke2 Kg4 56. Bd8 Kh5 57. Be7 Kg4 58. Bd8 1/2-1/2

[Event "Mengede- Gladbeck"]
[Site "?"]
[Date "2024.02.18"]
[Round "6.2"]
[White "Echargui, Amin"]
[Black "Frohne, Gerd"]
[Result "1/2-1/2"]
[WhiteElo "1820"]
[BlackElo "2008"]
[PlyCount "55"]
[SourceDate "2024.03.03"]

1. e4 e6 2. d4 d5 3. Nc3 Nf6 4. e5 Nfd7 5. f4 c5 6. Nf3 Nc6 7. Be3 cxd4 8. Nxd4
Bc5 9. Qd2 O-O 10. O-O-O a6 11. h4 Bxd4 12. Bxd4 b5 13. h5 b4 14. Na4 a5 15. h6
g6 16. Kb1 Nxd4 17. Qxd4 Qc7 18. b3 Ba6 19. Rc1 Rfc8 20. Bd3 Qa7 21. Qxa7 Rxa7
22. Rhe1 Bxd3 23. cxd3 Rac7 24. Rxc7 Rxc7 25. g4 Kf8 26. g5 Ke7 27. Rc1 Kd8 28.
Rxc7 1/2-1/2

[Event "Mengede- Gladbeck"]
[Site "?"]
[Date "2024.02.18"]
[Round "6.3"]
[White "Berg, Dietmar"]
[Black "Bork, Sophie"]
[Result "1/2-1/2"]
[WhiteElo "1943"]
[BlackElo "1820"]
[PlyCount "128"]
[SourceDate "2024.03.03"]

1. d4 d5 2. Nf3 Nf6 3. e3 c5 4. c3 Nc6 5. Nbd2 Bf5 6. dxc5 e6 7. b4 Be7 8. Bb5
O-O 9. Bb2 Qc7 10. Nh4 Bg6 11. Nxg6 fxg6 12. Nf3 a5 13. a3 Ne4 14. O-O Bf6 15.
Nd4 Bxd4 16. exd4 Qf4 17. Qe2 Rae8 18. f3 Nf6 19. Bc1 Qc7 20. Qd1 axb4 21. cxb4
e5 22. dxe5 Qxe5 23. Rb1 Nh5 24. Bb2 Qe3+ 25. Rf2 Rd8 26. Qd2 Rfe8 27. Qxe3
Rxe3 28. Rd2 Nf6 29. Rbd1 Kf7 30. Kf2 d4 31. Bxc6 bxc6 32. Rxd4 Rde8 33. R4d2
Nd5 34. g3 Rb3 35. Bc1 Ree3 36. f4 Rf3+ 37. Kg1 Nc3 38. Re1 Nd5 39. Rf2 Rfd3
40. f5 g5 41. Bxg5 Rxa3 42. Rb2 h6 43. Bd2 Ne7 44. Rf1 Rd5 45. f6 gxf6 46. Bxh6
Rh5 47. Bf4 Nd5 48. Bd6 Ke6 49. Re1+ Kd7 50. b5 cxb5 51. Rxb5 Ra2 52. h4 Rf5
53. Rf1 Rxf1+ 54. Kxf1 Ne3+ 55. Kg1 Nc4 56. Rb7+ Ke6 57. Bf4 Rc2 58. c6 Na5 59.
Rb5 Nxc6 60. h5 Ne7 61. h6 Ng6 62. h7 Rc8 63. Rb8 Rxb8 64. Bxb8 Kf7 1/2-1/2

[Event "Mengede- Gladbeck"]
[Site "?"]
[Date "2024.02.18"]
[Round "6.4"]
[White "Kraus, Reinhard"]
[Black "Kruse, Peter"]
[Result "1/2-1/2"]
[WhiteElo "1805"]
[BlackElo "1913"]
[PlyCount "49"]
[SourceDate "2024.03.03"]

1. c4 Nf6 2. g3 e6 3. Bg2 d5 4. Nf3 Bd6 5. O-O O-O 6. b3 Nbd7 7. Bb2 c6 8. d4
Ne4 9. Nbd2 f5 10. Ne5 Nxe5 11. dxe5 Bc5 12. Nxe4 fxe4 13. Bd4 Ba3 14. Rb1 a5
15. Qd2 Qe7 16. Bc3 Bb4 17. Ra1 b6 18. a4 Bc5 19. e3 Ba6 20. Rfd1 Rad8 21. Qc2
Rf7 22. Bd4 Rdf8 23. Rd2 Bb4 24. Bc3 Rc8 25. Bh3 1/2-1/2

[Event "Mengede- Gladbeck"]
[Site "?"]
[Date "2024.02.18"]
[Round "6.5"]
[White "Huttny, Georg"]
[Black "Ropel, Dennis"]
[Result "1-0"]
[WhiteElo "1828"]
[BlackElo "1773"]
[PlyCount "67"]
[SourceDate "2024.03.03"]

1. c4 Nf6 2. g3 g6 3. Bg2 c6 4. e4 d5 5. cxd5 cxd5 6. e5 Ne4 7. Ne2 Bg7 8. d4
Qa5+ 9. Nbc3 O-O 10. O-O Nxc3 11. Nxc3 Nc6 12. Nxd5 Rd8 13. Bd2 Qb5 14. Nc7
Qxb2 15. Nxa8 Rxd4 16. Qc1 Qxd2 17. Qxd2 Rxd2 18. Bxc6 bxc6 19. Rad1 Bh6 20. f4
Rxd1 21. Rxd1 Be6 22. Rd8+ Kg7 23. Nc7 g5 24. Nxe6+ fxe6 25. fxg5 Bxg5 26. Kf2
Bc1 27. Kf3 Ba3 28. Ra8 Bc5 29. Rc8 Kg6 30. Rxc6 Bb4 31. Rxe6+ Kf5 32. Rh6 Kxe5
33. Rxh7 Kd5 34. Rh4 1-0

[Event "Mengede- Gladbeck"]
[Site "?"]
[Date "2024.02.18"]
[Round "6.6"]
[White "Schmidt, Jonas"]
[Black "Rickert, Stefan"]
[Result "0-1"]
[WhiteElo "1724"]
[BlackElo "1903"]
[PlyCount "102"]
[SourceDate "2024.03.03"]

1. e4 c5 2. Nf3 Nc6 3. g3 Nf6 4. d3 d5 5. Nbd2 Bg4 6. Bg2 dxe4 7. dxe4 g6 8.
O-O Bg7 9. h3 Bd7 10. Kh2 O-O 11. Nh4 e5 12. Nc4 b5 13. Ne3 Be6 14. Nd5 Qd7 15.
Bg5 Bxd5 16. exd5 Nb4 17. c3 Na6 18. b3 h6 19. Be3 g5 20. Nf3 Nxd5 21. Nxg5
Rad8 22. Bxd5 Qxd5 23. Qxd5 Rxd5 24. Ne4 c4 25. Bxh6 f5 26. Bxg7 Kxg7 27. Ng5
Kg6 28. Nf3 Rfd8 29. b4 Kf6 30. Kg2 Rd3 31. Rac1 Nc7 32. Rc2 f4 33. Re1 Re8 34.
Nd2 fxg3 35. fxg3 Nd5 36. Ne4+ Kg6 37. Kh2 Rf8 38. h4 Rff3 39. Nc5 Rxc3 40.
Rxc3 Nxc3 41. a3 Rf2+ 42. Kh3 Re2 43. Rf1 Ne4 44. Nxe4 Rxe4 45. Rf3 Rd4 46. Kg2
Rd2+ 47. Kf1 Rb2 48. Re3 Kf5 49. Rf3+ Ke4 50. Rf7 c3 51. Rc7 Kd3 0-1

[Event "Mengede- Gladbeck"]
[Site "?"]
[Date "2024.02.18"]
[Round "6.7"]
[White "Rickert, Dirk"]
[Black "Wiktor, Reinhard"]
[Result "0-1"]
[WhiteElo "1800"]
[BlackElo "1789"]
[PlyCount "38"]
[SourceDate "2024.03.03"]

1. d4 Nf6 2. Nf3 g6 3. c4 Bg7 4. Nc3 d6 5. e4 O-O 6. Bd3 Nc6 7. O-O e5 8. d5
Ne7 9. h3 a5 10. Be3 b6 11. Qd2 Nd7 12. Nh2 Nc5 13. Bc2 f5 14. f4 Ba6 15. b3
fxe4 16. fxe5 Nf5 17. Bg5 Qe8 18. e6 Bd4+ 19. Rf2 e3 0-1

[Event "Mengede- Gladbeck"]
[Site "?"]
[Date "2024.02.18"]
[Round "6.8"]
[White "Stockhausen, Arnd"]
[Black "Wendt, Peter"]
[Result "1/2-1/2"]
[WhiteElo "1575"]
[BlackElo "1739"]
[PlyCount "27"]
[SourceDate "2024.03.03"]

1. e4 d6 2. d4 Nf6 3. Nc3 g6 4. Nf3 Bg7 5. Be2 O-O 6. O-O c6 7. h3 Nbd7 8. Be3
e5 9. dxe5 Nxe5 10. Nxe5 dxe5 11. Qxd8 Rxd8 12. Rfd1 Be6 13. Rxd8+ Rxd8 14. Rd1
1/2-1/2

[Event "SV Erkenschwick 3 - SF Essen-Werden 3"]
[Site "VK2 - Saison 2023/24"]
[Date "2024.02.18"]
[Round "6.1"]
[White "Bury, Tobias"]
[Black "Riechenberg, Sebastian"]
[Result "1/2-1/2"]
[WhiteElo "1909"]
[BlackElo "1900"]
[PlyCount "48"]
[EventDate "2024.??.??"]
[SourceDate "2024.03.03"]

1. e4 e5 2. Nf3 Nc6 3. Bb5 a6 4. Ba4 d6 5. O-O Bd7 6. c4 g6 7. d4 exd4 8. Nxd4
Bg7 9. Bxc6 bxc6 10. Nc3 Nf6 11. Bf4 O-O 12. Re1 Ng4 13. Nxc6 {(=)} Nxf2 14.
Nxd8 Nxd1 15. Raxd1 Bxc3 16. bxc3 Rfxd8 17. c5 Bg4 18. Rb1 dxc5 19. Bxc7 Rd2
20. a4 Be2 21. Bf4 Rc2 22. Rbc1 Bd3 23. Rxc2 Bxc2 24. a5 Rd8 {(=)} 1/2-1/2

[Event "SV Erkenschwick 3 - SF Essen-Werden 3"]
[Site "VK2 - Saison 2023/24"]
[Date "2024.02.18"]
[Round "6.2"]
[White "Schwitkowski, Luka"]
[Black "Blank, Stephan"]
[Result "1-0"]
[WhiteElo "1880"]
[BlackElo "1797"]
[PlyCount "83"]
[EventDate "2024.??.??"]
[SourceDate "2024.03.03"]

1. d4 f5 2. Nf3 Nf6 3. Bf4 e6 4. e3 d5 5. Nbd2 Be7 6. Ne5 O-O 7. Be2 Nbd7 8.
Ndf3 Nxe5 9. Nxe5 Nd7 {(=)} 10. Nxd7 Bxd7 11. O-O Bf6 12. c4 c6 13. c5 Qe8 14.
Bd6 Be7 15. Bxe7 Qxe7 16. f4 Kh8 17. g3 Rf6 18. b4 a6 19. a4 Rff8 20. Qb3 Rfb8
21. Qc3 Qe8 22. Rfb1 Kg8 {(=)} 23. Rb2 h5 24. h4 g6 25. Rab1 Qd8 26. b5 axb5
27. axb5 Qa5 28. Qxa5 Rxa5 29. bxc6 Bxc6 30. Bb5 Bxb5 31. Rxb5 Rxb5 32. Rxb5
Kf8 33. Rb6 Ke7 34. Kf2 Kd7 35. Ke2 Ke7 36. Kd3 Kd7 37. Kc3 Ke7 38. Kb3 Kd7 39.
Kb4 Ke7 40. c6 Kd8 41. Kc5 Kc7 42. Rxb7+ 1-0

[Event "SV Erkenschwick 3 - SF Essen-Werden 3"]
[Site "VK2 - Saison 2023/24"]
[Date "2024.02.18"]
[Round "6.3"]
[White "Brixius, Dirk"]
[Black "Strohmann, Marcel"]
[Result "1-0"]
[WhiteElo "1721"]
[BlackElo "1848"]
[PlyCount "83"]
[EventDate "2024.??.??"]
[SourceDate "2024.03.03"]

1. c4 Nf6 2. Nc3 g6 3. d4 Bg7 4. h4 d6 5. Nf3 O-O 6. Bg5 c5 7. Qd2 cxd4 8. Nxd4
Nc6 9. e3 h6 10. Bxf6 Bxf6 11. O-O-O h5 12. Kb1 Bd7 13. Nf3 Bg4 14. Be2 Rc8 15.
Nd5 Bg7 16. Ng5 Bxe2 17. Qxe2 Ne5 18. Rc1 e6 19. Nf4 Qb6 20. b3 a5 21. Nxh5 Bh8
22. Nf4 a4 23. h5 axb3 24. hxg6 bxa2+ 25. Ka1 Bg7 26. Rh7 Bf6 27. Ne4 fxg6 28.
Nxf6+ Rxf6 29. Rch1 Nf7 30. Nxg6 Qb1+ 31. Rxb1 axb1=Q+ 32. Kxb1 Kxh7 33. Qh5+
Nh6 34. Nf4 Rxc4 35. g4 Rb4+ 36. Kc2 Rbxf4 37. exf4 Rxf4 38. g5 Rxf2+ 39. Kd3
Kg8 40. Qxh6 Kf7 41. g6+ Ke8 42. Qh8+ 1-0

[Event "SV Erkenschwick 3 - SF Essen-Werden 3"]
[Site "VK2 - Saison 2023/24"]
[Date "2024.02.19"]
[Round "6.4"]
[White "Schulze Bisping, Franz-Adolf"]
[Black "Eggebrecht, Jan"]
[Result "1-0"]
[WhiteElo "1840"]
[BlackElo "1733"]
[PlyCount "72"]
[EventDate "2024.??.??"]
[SourceDate "2024.03.03"]

1. d4 Nf6 2. c4 g6 3. Nc3 Bg7 4. e4 d6 5. h3 O-O 6. Bg5 Nc6 7. Nf3 h6 8. Be3 e5
9. d5 Nb4 10. a3 Na6 11. b4 c5 12. dxc6 bxc6 13. Qd2 Kh7 14. Rd1 Ne8 15. c5 d5
16. exd5 f5 17. Qc2 e4 18. dxc6 Qf6 19. Bd4 Qe6 20. Nh2 Nac7 21. b5 Bxd4 22.
Rxd4 Qe5 23. Qd2 Qxc5 24. Rb4 Be6 25. Qe3 Qe7 26. Qc1 Nd6 27. Be2 Rab8 28. O-O
Nf7 29. Rd1 Ne5 30. Rbd4 a6 31. a4 Qc5 32. Qb2 Qxc6 33. Qb4 axb5 34. axb5 Qb7
35. Qc5 Nf7 36. Ra1 Ra8 {Zeit} 1-0